Kenya's Vice presidents since independence - Statistics

General Stats
  • This quiz has been taken 53 times
    42 since last reset
  • The average score is 8 of 12
Answer Stats
Answer % Correct
Daniel Toroitich Moi
89%
Jaramogi Oginga Odinga
72%
William Samoei Ruto
72%
George Saitoti
67%
Kalonzo Musyoka
67%
Mwai Kibaki
67%
Musalia Mudavadi
61%
Joseph Murumbi
56%
Michael Kijana Wamalwa
56%
Rigathi Gachagua
56%
Moody Awori
50%
Josephat Karanja
44%
No matching quizzes found
Score Distribution
Percent of People with Each Score
Percentile by Number Answered
Your Score History
You have not taken this quiz since the last reset